Space Man - Sam Ryder (All Lyrics) - Statistics

General Stats
  • This quiz has been taken 34 times
  • The average score is 189 of 268
Answer Stats
Answer % Correct
a
100%
I
100%
I'm
100%
man
100%
space,
100%
an
90%
be
90%
in
90%
In
90%
the
90%
universe
90%
No,
85%
nothing
85%
Nothing
85%
around
80%
around,
80%
But
80%
but
80%
but,
80%
home
80%
up
80%
Up
80%
And
75%
and
75%
go
75%
on
75%
search
75%
some
75%
As
70%
as
70%
astronaut,
70%
Been
70%
black
70%
down
70%
holes
70%
there
70%
To
70%
to
70%
wanna
70%
was
70%
you
70%
If
65%
me
60%
my
60%
My
60%
only
60%
searched
60%
There's
60%
back
55%
for
55%
human
55%
I'd
55%
I'll
55%
I've
55%
just
55%
would
55%
'Cause
50%
coming
50%
Earth
50%
floating
50%
keep
50%
mid-air
50%
stick
50%
Stick
50%
ground,
45%
heart
45%
life
45%
of
45%
oh,
45%
other
45%
behind
40%
broken
40%
else
40%
Gravity
40%
keeps
40%
left
40%
lonely
40%
navigation
40%
pulling
40%
satellites
40%
someone
40%
world
40%
you're
40%
belong
35%
center
35%
circle
35%
crashing
35%
here
35%
long
35%
mind
35%
round
35%
speak
35%
stars
35%
systems
35%
thinking
35%
what
35%
with
35%
'bout
30%
dark
30%
have
30%
real
30%
bird's
25%
castle,
25%
drifting
25%
eye
25%
rub
25%
shoulders
25%
view
25%
place,
20%
wrong
20%
No matching quizzes found
Score Distribution
Percent of People with Each Score
Percentile by Number Answered
Your Score History
You have not taken this quiz